000 00281nam a22001097a 4500
082 _a665.744 KAT'H
100 _aKATZ, D.L,CORNELL, D,VARY, J.A
_978019
245 _aHANDBOOK OF NATURAL GAS ENGINEERING
260 _aNEWYORK
_bMCGRAW HILL
_c1959
300 _aVII, 802P
942 _cBK
999 _c583181
_d583181